<?xml version="1.0" encoding="UTF-8"?>
<marc:record xmlns:marc="http://www.loc.gov/MARC21/slim">
   <marc:leader>00000nam a2200000 a 4500</marc:leader>
   <marc:datafield ind1="1" ind2=" " tag="100">
      <marc:subfield code="a">Fais, Jürgen</marc:subfield>
      <marc:subfield code="4">edt</marc:subfield>
      <marc:subfield code="e">Bearbeiter/-in</marc:subfield>
   </marc:datafield>
   <marc:datafield ind1=" " ind2=" " tag="653">
      <marc:subfield code="a">Psychiatrie</marc:subfield>
   </marc:datafield>
   <marc:datafield ind1=" " ind2=" " tag="653">
      <marc:subfield code="a">Aggressivität</marc:subfield>
   </marc:datafield>
   <marc:datafield ind1=" " ind2=" " tag="653">
      <marc:subfield code="a">Gewalttätigkeit</marc:subfield>
   </marc:datafield>
   <marc:datafield ind1=" " ind2=" " tag="653">
      <marc:subfield code="a">Klinische Psychologie</marc:subfield>
   </marc:datafield>
   <marc:datafield ind1=" " ind2=" " tag="653">
      <marc:subfield code="a">Psychische Störung</marc:subfield>
   </marc:datafield>
   <marc:datafield ind1=" " ind2=" " tag="653">
      <marc:subfield code="a">Gewalt</marc:subfield>
   </marc:datafield>
   <marc:datafield ind1=" " ind2=" " tag="653">
      <marc:subfield code="a">Aggression</marc:subfield>
   </marc:datafield>
   <marc:datafield ind1=" " ind2=" " tag="653">
      <marc:subfield code="a">Forensik</marc:subfield>
   </marc:datafield>
   <marc:datafield ind1=" " ind2=" " tag="653">
      <marc:subfield code="a">Softcover / Psychologie/Angewandte Psychologie</marc:subfield>
   </marc:datafield>
   <marc:datafield ind1=" " ind2=" " tag="653">
      <marc:subfield code="a">Aufsatzsammlung</marc:subfield>
   </marc:datafield>
   <marc:datafield ind1="0" ind2="0" tag="245">
      <marc:subfield code="a">Schattenwelt</marc:subfield>
   </marc:datafield>
   <marc:datafield ind1="0" ind2="0" tag="245">
      <marc:subfield code="b">vom Umgang mit Gewalt im psychiatrischen Arbeitsfeld</marc:subfield>
   </marc:datafield>
   <marc:datafield ind1="0" ind2="0" tag="245">
      <marc:subfield code="c">Jürgen Fais (Hrsg.)</marc:subfield>
   </marc:datafield>
   <marc:datafield ind1=" " ind2="1" tag="264">
      <marc:subfield code="a">Lengerich</marc:subfield>
      <marc:subfield code="b">Pabst Science Publ.</marc:subfield>
   </marc:datafield>
   <marc:datafield ind1="1" ind2=" " tag="520">
      <marc:subfield code="a">Angaben aus der Verlagsmeldung

Schattenwelt : Vom Umgang mit Gewalt im psychiatrischen Arbeitsfeld

„…Ich stand an einer Bahnhaltestelle. Neben mir ein älterer Mann. Da lag eine Flasche Bier, von mir geleert. Da hab ich diese Stimme wieder gehört: Nimm die Flasche und hau sie dem Mann auf den Kopf...“ (Michael)

Im psychiatrischen Arbeitsfeld spielt der Umgang mit aggressivem Verhalten eine wichtige Rolle. Dies bedeutet zum einen, dass die Fachkräfte herausgefordert sind, deeskalierend auf Aggressionssituationen zu reagieren, als auch selbst einen konstruktiven Umgang mit eigenen Aggressions- und Ohnmachtsgefühlen zu finden.
In dieser Publikation werden die Erscheinungsformen von Gewalt, wie sie in (einem Teilbereich) der Psychiatrie erlebt wird, dargestellt. In ihren Beiträgen beschreiben langjährige Fachkräfte die vielfältigen Erscheinungsformen von Gewalt, die sie in ihrer Arbeit erleben und wie sie den Umgang damit bewältigen.
Jürgen Fais ist Kriminologe (M.A.), Dipl.-Sozialpädagoge und Gesellschafter des Instituts für angewandte Gewaltprävention ParaVida.
</marc:subfield>
   </marc:datafield>
   <marc:datafield ind1=" " ind2=" " tag="020">
      <marc:subfield code="a">9783899679496</marc:subfield>
      <marc:subfield code="9">9783899679496</marc:subfield>
   </marc:datafield>
   <marc:datafield ind1=" " ind2=" " tag="041">
      <marc:subfield code="a">ger</marc:subfield>
   </marc:datafield>
   <marc:datafield ind1=" " ind2=" " tag="300">
      <marc:subfield code="a">208 S.</marc:subfield>
   </marc:datafield>
</marc:record>
